Secondment to industry - a challenge and a solution for those in further education (Record no. 95404)

MARC details
000 -LEADER
fixed length control field 00534cam a2200193 4500
001 - CONTROL NUMBER
control field D2976
008 - FIXED-LENGTH DATA ELEMENTS--GENERAL INFORMATION
fixed length control field 090401t1983 xxu||||| |||| 00| 0 eng d
035 ## - SYSTEM CONTROL NUMBER
System control number (Sirsi) u71341
041 ## - LANGUAGE CODE
Language code of text/sound track or separate title eng
050 ## - LIBRARY OF CONGRESS CALL NUMBER
Classification number 378.1
100 ## - MAIN ENTRY--PERSONAL NAME
Personal name Croome, Derek J
245 ## - TITLE STATEMENT
Title Secondment to industry - a challenge and a solution for those in further education
260 ## - PUBLICATION, DISTRIBUTION, ETC.
Place of publication, distribution, etc. Ascot
Name of publisher, distributor, etc. The Chartered Institute of Building
Date of publication, distribution, etc. 1983
300 ## - PHYSICAL DESCRIPTION
Extent 10p. 30cm
350 ## - PRICE (NR) (BK AM CF MU VM SE) [OBSOLETE]
Price 0
490 ## - SERIES STATEMENT
Series statement Technical Information Service
Volume/sequential designation 17
942 ## - ADDED ENTRY ELEMENTS (KOHA)
Suppress in OPAC 0
948 ## - LOCAL PROCESSING INFORMATION (OCLC); SERIES PART DESIGNATOR (RLIN)
c (OCLC) 04/03/1997
Holdings
Withdrawn status Lost status Source of classification or shelving scheme Damaged status Not for loan Home library Current library Shelving location Date acquired Total Checkouts Full call number Barcode Date last seen Copy number Price effective from Koha item type
    Dewey Decimal Classification     London London Enquiry desk 12/11/1992   BOXED SET 30030979 06/08/2019 1 06/08/2019 Book